[Event "EU-ch Hybrid U14"]
[Site "Tornelo INT"]
[Date "2021.10.15"]
[Round "9"]
[White "Aleksanyan, Davit"]
[Black "Antonioudakis, Georgios"]
[Result "0-1"]
[WhiteElo "1795"]
[BlackElo "1882"]
[PlyCount "134"]
[EventDate "2021.10.15"]
[EventType "swiss"]
[EventRounds "9"]
[EventCountry "NET"]
[SourceTitle "EXT 2023"]
[Source "ChessBase"]
[SourceDate "2022.10.05"]
[SourceVersion "1"]
[SourceVersionDate "2022.10.05"]
[SourceQuality "1"]
[WhiteTeam "Armenia"]
[BlackTeam "Greece"]
[WhiteTeamCountry "ARM"]
[BlackTeamCountry "GRE"]

1. e4 c5 2. Nc3 Nc6 3. f4 g6 4. Nf3 Bg7 5. Bc4 e6 6. 0-0 Nge7 7. Qe1 0-0 8. d3 d5 9. Bb3 b5 10. a3 c4 11. Ba2 b4 12. axb4 Nxb4 13. Bb1 cxd3 14. cxd3 a5 15. e5 Ba6 16. Qd1 Qb6+ 17. Kh1 Rfc8 18. Re1 d4 19. Ne4 Ned5 20. Nd6 Rc7 21. Qe2 Qc5 22. Bd2 Bf8 23. Ne4 Qb6 24. Nf6+ Nxf6 25. exf6 Bb7 26. Ne5 Bd5 27. Bxb4 Bxb4 28. Rg1 Rac8 29. Ba2 Rc2 30. Qg4 Qd8 31. Bxd5 exd5 32. Qh4 Qc7 33. Nf3 Rxb2 34. Ng5 h5 35. f5 Qe5 36. fxg6 fxg6 37. f7+ Kg7 38. Rgf1 Re2 39. Nf3 Be7 40. Nxe5 Bxh4 41. Nd7 Be7 42. Rxa5 Rf2 43. Re1 Bb4 44. f8Q+ Rcxf8 45. Nxf8 Bxe1 46. Ra7+ Kxf8 47. Kg1 Rf7 48. Ra1 Bf2+ 49. Kf1 Be3+ 50. Ke1 Rf2 51. Ra8+ Kg7 52. Ra7+ Kh6 53. g3 Rxh2 54. Rd7 Bf2+ 55. Ke2 Bxg3+ 56. Kf3 h4 57. Rxd5 Rf2+ 58. Kg4 Rf4+ 59. Kh3 Rf3 60. Kg4 Rxd3 61. Rd8 Be5 62. Re8 Re3 63. Rd8 h3 64. Rd6 Bxd6 65. Kh4 h2 66. Kg4 Rg3+ 67. Kh4 g5# 0-1

[Event "EU-ch Hybrid U14"]
[Site "Tornelo INT"]
[Date "2021.10.15"]
[Round "6"]
[White "Antonioudakis, Georgios"]
[Black "Tarhan, Adar"]
[Result "0-1"]
[WhiteElo "1882"]
[BlackElo "2208"]
[PlyCount "104"]
[EventDate "2021.10.15"]
[EventType "swiss"]
[EventRounds "9"]
[EventCountry "NET"]
[SourceTitle "EXT 2023"]
[Source "ChessBase"]
[SourceDate "2022.10.05"]
[SourceVersion "1"]
[SourceVersionDate "2022.10.05"]
[SourceQuality "1"]
[WhiteTeam "Greece"]
[BlackTeam "Turkey"]
[WhiteTeamCountry "GRE"]
[BlackTeamCountry "TUR"]

1. e4 e5 2. Nf3 Nc6 3. Bb5 a6 4. Ba4 Nf6 5. 0-0 b5 6. Bb3 Be7 7. Re1 d6 8. c3 0-0 9. h3 Na5 10. Bc2 c5 11. d4 Qc7 12. Nbd2 Re8 13. d5 Bf8 14. b3 g6 15. Nf1 Bg7 16. Ng3 Nd7 17. Nh2 Nb6 18. Ng4 Qe7 19. Nh6+ Kh8 20. Qf3 Rf8 21. Be3 Bd7 22. h4 Qxh4 23. Nxf7+ Rxf7 24. Qxf7 Rf8 25. Qxf8+ Bxf8 26. Rf1 Bh6 27. Bxh6 Qxh6 28. Rad1 Nb7 29. a4 b4 30. c4 Bc8 31. Rd3 Nd7 32. Rf3 Kg7 33. Bd1 Nf6 34. Rd3 Qh4 35. Ne2 Qxe4 36. Re3 Qh4 37. f4 e4 38. Ng3 Bg4 39. Nxe4 Bxd1 40. Nxf6 Qxf6 41. Rxd1 Na5 42. Rdd3 Qxf4 43. Re7+ Kh6 44. Rh3+ Kg5 45. Ree3 h5 46. Re6 Kh6 47. Rf3 Qd4+ 48. Kh2 Nxb3 49. Rxb3 Qxc4 50. Rg3 Qh4+ 51. Rh3 Qf4+ 52. Kh1 c4 0-1

[Event "EU-ch Hybrid U14"]
[Site "Tornelo INT"]
[Date "2021.10.15"]
[Round "4"]
[White "Antonioudakis, Georgios"]
[Black "Zlatkov, Anton"]
[Result "1-0"]
[WhiteElo "1882"]
[BlackElo "2154"]
[PlyCount "71"]
[EventDate "2021.10.15"]
[EventType "swiss"]
[EventRounds "9"]
[EventCountry "NET"]
[SourceTitle "EXT 2023"]
[Source "ChessBase"]
[SourceDate "2022.10.05"]
[SourceVersion "1"]
[SourceVersionDate "2022.10.05"]
[SourceQuality "1"]
[WhiteTeam "Greece"]
[BlackTeam "Macedonia"]
[WhiteTeamCountry "GRE"]
[BlackTeamCountry "MKD"]

1. e4 c5 2. Nf3 d6 3. d4 cxd4 4. Nxd4 Nf6 5. Nc3 Nc6 6. Bg5 e6 7. Qd3 a6 8. Nxc6 bxc6 9. 0-0-0 Be7 10. Qg3 Qa5 11. h4 e5 12. Bc4 Qb4 13. Bb3 a5 14. a3 Qb6 15. Be3 Qd8 16. Qxg7 Rf8 17. f3 Be6 18. Bxe6 fxe6 19. Qg3 Qc7 20. Qh3 Kf7 21. f4 exf4 22. Bxf4 Rab8 23. g4 Qb6 24. b3 Qc5 25. g5 Qxa3+ 26. Kb1 Nd7 27. Bc1 Qb4 28. Bb2 Ke8 29. e5 Nxe5 30. Qxe6 Rd8 31. Rhe1 Qxh4 32. Ne4 Rf7 33. Bxe5 dxe5 34. Rxd8+ Kxd8 35. Rd1+ Ke8 36. Qc8+ 1-0

[Event "GRE-ch U14"]
[Site "Patras"]
[Date "2021.09.04"]
[Round "8"]
[White "Antonioudakis, Georgios"]
[Black "Georgiadis, Athanasios Kat"]
[Result "1-0"]
[WhiteElo "1753"]
[BlackElo "1552"]
[PlyCount "51"]
[EventDate "2021.08.30"]
[EventType "swiss"]
[EventRounds "9"]
[EventCountry "GRE"]
[SourceTitle "EXT 2022"]
[Source "ChessBase"]
[SourceDate "2021.10.06"]
[SourceVersion "1"]
[SourceVersionDate "2021.10.06"]
[SourceQuality "1"]

1. e4 e5 2. Nf3 Nf6 3. Nxe5 d6 4. Nf3 Nxe4 5. Nc3 Nxc3 6. dxc3 Be7 7. Be3 Nc6 8. Bd3 Be6 9. Qe2 Qd7 10. 0-0-0 a6 11. Kb1 0-0-0 12. Nd4 Bf6 13. Nxe6 Qxe6 14. g4 g6 15. g5 Bg7 16. f4 Rde8 17. Rhe1 f5 18. gxf6 Qxf6 19. Qg2 Re7 20. Bxa6 Rhe8 21. Qxc6 bxa6 22. Bb6 d5 23. Qa8+ Kd7 24. Rxd5+ Qd6 25. Rxd6+ Kxd6 26. Rd1+ 1-0

[Event "GRE-ch U14"]
[Site "Patras"]
[Date "2021.09.03"]
[Round "7"]
[White "Poupalos, Nikolaos"]
[Black "Antonioudakis, Georgios"]
[Result "1-0"]
[WhiteElo "2005"]
[BlackElo "1753"]
[PlyCount "68"]
[EventDate "2021.08.30"]
[EventType "swiss"]
[EventRounds "9"]
[EventCountry "GRE"]
[SourceTitle "EXT 2022"]
[Source "ChessBase"]
[SourceDate "2021.10.06"]
[SourceVersion "1"]
[SourceVersionDate "2021.10.06"]
[SourceQuality "1"]

1. e4 c5 2. Nf3 d6 3. d4 cxd4 4. Nxd4 Nf6 5. Nc3 a6 6. a4 g6 7. Be2 Bg7 8. 0-0 0-0 9. Be3 Nc6 10. Nxc6 bxc6 11. a5 Rb8 12. b3 Qc7 13. f4 e6 14. Bb6 Qe7 15. Qd2 c5 16. e5 dxe5 17. fxe5 Nd5 18. Nxd5 exd5 19. Qxd5 Qxe5 20. Qxe5 Bxe5 21. Rad1 Bd4+ 22. Kh1 Bb7 23. Bc4 Kg7 24. Bc7 Rbc8 25. Bd6 f5 26. Bxf8+ Kxf8 27. Rde1 Bc3 28. Re6 Ra8 29. Rb6 Be4 30. Rxa6 Rd8 31. Bd3 Bxd3 32. cxd3 Rd5 33. d4 Rxd4 34. Ra8+ Kg7 1-0

[Event "GRE-ch U14"]
[Site "Patras"]
[Date "2021.08.31"]
[Round "2"]
[White "Makridis, Dimitrios"]
[Black "Antonioudakis, Georgios"]
[Result "1/2-1/2"]
[WhiteElo "2256"]
[BlackElo "1753"]
[PlyCount "77"]
[EventDate "2021.08.30"]
[EventType "swiss"]
[EventRounds "9"]
[EventCountry "GRE"]
[SourceTitle "EXT 2022"]
[Source "ChessBase"]
[SourceDate "2021.10.06"]
[SourceVersion "1"]
[SourceVersionDate "2021.10.06"]
[SourceQuality "1"]

1. e4 c5 2. Nf3 d6 3. d4 cxd4 4. Nxd4 Nf6 5. Nc3 a6 6. h3 b5 7. a4 b4 8. Nd5 e6 9. Nxf6+ Qxf6 10. g3 e5 11. Nb3 Be6 12. Bg2 Nc6 13. 0-0 Qd8 14. Be3 Be7 15. f4 0-0 16. Qd2 Na5 17. Nxa5 Qxa5 18. f5 Bc4 19. Rf2 f6 20. g4 Rfd8 21. Rd1 Rd7 22. g5 d5 23. gxf6 Bxf6 24. b3 d4 25. Bg5 Bf7 26. Bxf6 gxf6 27. Qh6 Qb6 28. Bf1 Kh8 29. Bd3 Rg8+ 30. Kh2 Qd6 31. Rdd2 Rdd8 32. a5 Rg5 33. Rg2 Rdg8 34. Rxg5 Rxg5 35. Rg2 Rxg2+ 36. Kxg2 Kg8 37. Qd2 Qc5 38. Qh6 Qd6 39. Qd2 1/2-1/2

[Event "GRE-ch U20"]
[Site "Trikala"]
[Date "2021.08.27"]
[Round "7"]
[White "Antonioudakis, Georgios"]
[Black "Galanis, Nikolaos Panagiotis"]
[Result "1/2-1/2"]
[WhiteElo "1753"]
[BlackElo "1643"]
[PlyCount "61"]
[EventDate "2021.08.23"]
[EventType "swiss"]
[EventRounds "9"]
[EventCountry "GRE"]
[SourceTitle "EXT 2022"]
[Source "ChessBase"]
[SourceDate "2021.10.06"]
[SourceVersion "1"]
[SourceVersionDate "2021.10.06"]
[SourceQuality "1"]

1. e4 e6 2. d4 d5 3. Nd2 c5 4. exd5 Qxd5 5. Ngf3 cxd4 6. Bc4 Qd7 7. 0-0 Nf6 8. Nb3 Nc6 9. Nbxd4 Nxd4 10. Nxd4 a6 11. Re1 b5 12. Bb3 Be7 13. c3 Bb7 14. Bf4 Nd5 15. Bg3 0-0 16. Qe2 Bf6 17. Rad1 Rfe8 18. Qg4 Rad8 19. Nf3 Qe7 20. h3 Nb6 21. Rxd8 Rxd8 22. Ne5 Bd5 23. Bxd5 Rxd5 24. Nc6 Qc5 25. Nb4 Rg5 26. Qf4 Qc8 27. Qc7 Qxc7 28. Bxc7 Na4 29. Re2 Rc5 30. Bd6 Rc8 31. Bf4 1/2-1/2

[Event "GRE-ch U20"]
[Site "Trikala"]
[Date "2021.08.26"]
[Round "5"]
[White "Antonioudakis, Georgios"]
[Black "Marinakis, Hristos"]
[Result "0-1"]
[WhiteElo "1753"]
[BlackElo "2032"]
[PlyCount "62"]
[EventDate "2021.08.23"]
[EventType "swiss"]
[EventRounds "9"]
[EventCountry "GRE"]
[SourceTitle "EXT 2022"]
[Source "ChessBase"]
[SourceDate "2021.10.06"]
[SourceVersion "1"]
[SourceVersionDate "2021.10.06"]
[SourceQuality "1"]

1. e4 c5 2. Nf3 d6 3. d4 cxd4 4. Nxd4 Nf6 5. Nc3 a6 6. h3 e5 7. Nb3 Be6 8. f4 g6 9. Be2 Nbd7 10. 0-0 Rc8 11. Be3 Be7 12. f5 gxf5 13. exf5 Bc4 14. Bxc4 Rxc4 15. Nd2 Rc6 16. Nf3 Nb6 17. Bg5 Rg8 18. Qd3 Nbd7 19. Bxf6 Nxf6 20. Kh2 Qc7 21. Nd2 d5 22. Nxd5 Nxd5 23. Qxd5 Rd6 24. Qxe5 Rxg2+ 25. Kh1 Rgxd2 26. Rae1 f6 27. Qg3 Kf8 28. Qh4 Qc6+ 29. Re4 R6d4 30. Rfe1 Rxe4 31. Rxe4 Rd4 0-1

[Event "GRE-ch South U12"]
[Site "Athens"]
[Date "2020.08.31"]
[Round "6"]
[White "Antonioudakis, Georgios"]
[Black "Hartofylakas, Spyros"]
[Result "1/2-1/2"]
[WhiteElo "1695"]
[BlackElo "1842"]
[PlyCount "90"]
[EventDate "2020.08.28"]
[EventType "swiss"]
[EventRounds "9"]
[EventCountry "GRE"]
[SourceTitle "EXT 2023"]
[Source "ChessBase"]
[SourceDate "2022.10.05"]
[SourceVersion "1"]
[SourceVersionDate "2022.10.05"]
[SourceQuality "1"]

1. e4 e5 2. Nf3 Nc6 3. Bb5 a6 4. Ba4 Nf6 5. 0-0 Be7 6. Re1 d6 7. c3 0-0 8. h3 Nd7 9. Bc2 Nb6 10. d4 Bf6 11. a3 a5 12. a4 g6 13. Na3 Bg7 14. Be3 exd4 15. cxd4 d5 16. Rc1 Nb4 17. e5 Nxc2 18. Qxc2 c6 19. b3 Bf5 20. Qd2 Nd7 21. g4 Be6 22. Ng5 Qe7 23. Nc2 f5 24. exf6 Rxf6 25. Bf4 Raf8 26. Re2 h6 27. Nxe6 Rxe6 28. Rxe6 Qxe6 29. Bxh6 Rf3 30. Re1 Bxh6 31. Qxh6 Qf7 32. Qh4 Nf6 33. Re3 Ne4 34. Re2 g5 35. Qh5 Qxh5 36. gxh5 Rxb3 37. Kg2 b5 38. axb5 cxb5 39. Ne3 Nc3 40. Re1 a4 41. Nf5 a3 42. Re8+ Kh7 43. Re7+ Kh8 44. Re8+ Kh7 45. Re7+ Kh8 1/2-1/2